000 00541nam a2200229 a 4500
001 nice12345678
003 IN_TiNIC
005 20260116011520.0
008 050524s1947 phia grp 000 0 eng
020 _a
_c100
082 0 0 _a296.1
_bGIN
100 _aGinzberg, Louis
245 _aLegends of the Jews
260 _aPhiladelphia
_bJewish Publication
_c1947
300 _a424p
500 _aincludes index and biblioraphy
505 2 _aIndexes
650 _aJudaism-Sources
902 _bRHR
942 _cBK
999 _c2224
_d2224